Southville International School and Colleges
Your cart is empty.
  • Cart
  • Lists
    Public lists Eva Luna New books Lux_list list_1
    Your lists Log in to create your own lists
  • Log in to your account
  • Your cookies
  • Search history
Southville International School and Colleges
  • Advanced search
  • Recent comments
  • Most popular
  • Libraries

Log in to your account

Log in with GOOGLE


If you do not have an external account, but do have a local account, you can still log in:

  1. Home
  2. MARC view: The law on business organization :
Normal view MARC view ISBD view

The law on business organization : (Record no. 13322)

[ view plain ]
MARC details
000 -LEADER
fixed length control field 01247cam a2200385 a 4500
001 - CONTROL NUMBER
control field 12451804
003 - CONTROL NUMBER IDENTIFIER
control field OSt
005 - DATE AND TIME OF LATEST TRANSACTION
control field 20140310182428.0
008 - FIXED-LENGTH DATA ELEMENTS--GENERAL INFORMATION
fixed length control field 010426s2000 ph bl 000 0 eng
010 ## - LIBRARY OF CONGRESS CONTROL NUMBER
LC control number 2001307576
020 ## - INTERNATIONAL STANDARD BOOK NUMBER
International Standard Book Number 971232978X
035 ## - SYSTEM CONTROL NUMBER
System control number (DLC) 2001307576
037 ## - SOURCE OF ACQUISITION
Source of stock number/acquisition Library of Congress -- Jakarta Overseas Office
Terms of availability P180.00
040 ## - CATALOGING SOURCE
Original cataloging agency DLC
Transcribing agency DLC
Modifying agency DLC
042 ## - AUTHENTICATION CODE
Authentication code lcode
043 ## - GEOGRAPHIC AREA CODE
Geographic area code a-ph---
050 00 - LIBRARY OF CONGRESS CALL NUMBER
Classification number KPM 953.5
Item number .T693 2005
100 1# - MAIN ENTRY--PERSONAL NAME
Personal name Torres, Justo P.
245 14 - TITLE STATEMENT
Title The law on business organization :
Remainder of title partnerships & corporations /
Statement of responsibility, etc Justo P. Torres, Jr.
250 ## - EDITION STATEMENT
Edition statement 2000 ed.
260 ## - PUBLICATION, DISTRIBUTION, ETC. (IMPRINT)
Place of publication, distribution, etc Manila, Philippines :
Name of publisher, distributor, etc Published & distributed by Rex Book Store,
Date of publication, distribution, etc 2005.
300 ## - PHYSICAL DESCRIPTION
Extent xxxvi, 367 p. :
Dimensions 22 cm.
500 ## - GENERAL NOTE
General note Includes the text of: Corporation Code of the Philippines.
504 ## - BIBLIOGRAPHY, ETC. NOTE
Bibliography, etc Includes bibliographical references.
521 ## - TARGET AUDIENCE NOTE
Target audience note
650 #0 - SUBJECT ADDED ENTRY--TOPICAL TERM
Topical term or geographic name as entry element Corporation law
Geographic subdivision Philippines.
650 #0 - SUBJECT ADDED ENTRY--TOPICAL TERM
Topical term or geographic name as entry element Partnership
Geographic subdivision Philippines.
710 12 - ADDED ENTRY--CORPORATE NAME
Corporate name or jurisdiction name as entry element Philippines.
Title of a work Corporation Code of the Philippines.
Date of a work 2000.
906 ## - LOCAL DATA ELEMENT F, LDF (RLIN)
a 7
b cbc
c origode
d 2
e ncip
f 20
g y-gencatlg
942 ## - ADDED ENTRY ELEMENTS (KOHA)
Source of classification or shelving scheme Library of Congress Classification
Koha item type Books
Call number prefix Local
Holdings
Withdrawn status Lost status Source of classification or shelving scheme Damaged status Home library Current library Shelving location Date acquired Source of acquisition Total Checkouts Total Renewals Full call number Barcode Date last seen Date checked out Copy number Price effective from Koha item type
    Library of Congress Classification   College Library College Library Filipiniana Section 12/05/2013 Library Fund 5 35 KPM 953.5 .T693 2005 C8621 09/10/2019 09/10/2019 1 12/05/2013 Books

The law on business organization :

APA

Torres J. P., Philippines, . (2005). The law on business organization. Manila, Philippines: Published & distributed by Rex Book Store.

Chicago

Torres Justo P, Philippines, . 2005. The law on business organization. Manila, Philippines: Published & distributed by Rex Book Store.

Harvard

Torres J. P., Philippines, . (2005). The law on business organization. Manila, Philippines: Published & distributed by Rex Book Store.

MLA

Torres Justo P, Philippines, . The law on business organization. Manila, Philippines: Published & distributed by Rex Book Store. 2005.

  • Place hold
  • Print
  • Cite
  • Add to your cart (remove)
  • Save record
    BIBTEX Dublin Core MARCXML MARC (non-Unicode/MARC-8) MARC (Unicode/UTF-8) MARC (Unicode/UTF-8, Standard) MODS (XML) RIS
  • More searches
    Search for this title in:
    Other Libraries (WorldCat) Other Databases (Google Scholar) Online Stores (Bookfinder.com) Open Library (openlibrary.org)

Exporting to Dublin Core...

SOUTHVILLE LIBRARY

Southville International School and Colleges Library

1281 Tropical Ave. Cor. Luxembourg St., BF Homes International, Las Pinas City

Tel. No. 8256374 / 252358 Loc. 117/146

Powered by Koha